000 00574nam a2200217Ii 4500
003 JO-AjNU
008 230606s9999||||xx |||||||||||||| ||und||
020 _a978-81-317-3310-3
040 _aJO-AjNU
_beng
_erda
_cJO-AjNU
041 _aeng
050 1 4 _aQA76.9.R439.2013
100 3 _aRam,BABU,
_eauthor
_94627
245 0 0 _aDiscrete Mathematics
250 _a1 ed
264 3 1 _aPerson,2013
300 _a564p
336 _atext
_btxt
_2rdacontent
337 _aunmediated
_bn
_2rdamedia
338 _avolume
_bnc
_2rdacarrier
650 4 _aDiscrete Mathematics
_94628
999 _aE2399
_c2397
_d2397